Zazie dans le métro Η Ζαζί στο μετρό
Η Ζαζί αναγκάζεται να ταξιδέψει στο Παρίσι και να περάσει το σαββατοκύριακο με τον εκκεντρικό θείο της, ώστε να μπορέσει η μητέρα της να βρεθεί μαζί με τον εραστή της. Η Ζαζί θα συναναστραφεί με διάφορους ανθρώπους και θα ζήσει μια σειρά από αλλόκοτες περιπέτειες στην προσπάθειά της να γνωρίσει τον...
Αποθηκεύτηκε σε:
| Άλλοι συγγραφείς: | , , , , , , |
|---|---|
| Μορφή: | |
| Γλώσσα: | French Greek |
| Δημοσίευση: |
Αθήνα :
Odeon [Εταιρεία διανομής],
c1960.
|
| Σειρά: | Louis Malle collection
|
| Θέματα: | |
| Ετικέτες: |
Προσθήκη ετικέτας
Δεν υπάρχουν, Καταχωρήστε ετικέτα πρώτοι!
|
MARC
| LEADER | 00000cgm a2200000 i 4500 | ||
|---|---|---|---|
| 001 | 1/95334 | ||
| 008 | 081014s1960 gr ||| | || ||fre|| | ||
| 035 | |l 10100847 | ||
| 040 | |a GR-MyUa |b gre |e AACR2 | ||
| 041 | 1 | |a fre |j gre | |
| 082 | 7 | |a 791.437 |2 (22) | |
| 245 | 0 | 0 | |a Zazie dans le métro |h [μαγνητοσκόπηση] = |b Η Ζαζί στο μετρό / |c director Louis Malle. |
| 246 | 1 | |i Παράλληλος τίτλος: |a Η Ζαζί στο μετρό | |
| 260 | |a Αθήνα : |b Odeon [Εταιρεία διανομής], |c c1960. | ||
| 300 | |a 1 βιντεοδίσκος (89 λεπτ.) : |b ομίλ., έγχρ. ; |c 4 3/4 ίν. | ||
| 490 | 1 | |a (Louis Malle collection) | |
| 500 | |a Κυκλοφόρησε πρώτη φορά ως κινηματογραφική ταινία το 1960. | ||
| 508 | |a Κοστούμια, Marc Doelnitz ; ήχος, André Hervé ; φωτογραφία, Henri Raichi ; μοντάζ, Kenout Peltier ; διάλογοι και διασκευή, Louis Malle, Jean-Paul Rappeneau ; βασισμένο στο βιβλίο του Raymond Queneau ; σχεδιασμός παραγωγής, Irénée Lerich. | ||
| 511 | 0 | |a Vittorio Caprioli, Yvonne Clech, Hubert Deschamps, Jacques Dufilho, Philippe Noiret και Catherine Demongeot. | |
| 520 | 8 | |a Η Ζαζί αναγκάζεται να ταξιδέψει στο Παρίσι και να περάσει το σαββατοκύριακο με τον εκκεντρικό θείο της, ώστε να μπορέσει η μητέρα της να βρεθεί μαζί με τον εραστή της. Η Ζαζί θα συναναστραφεί με διάφορους ανθρώπους και θα ζήσει μια σειρά από αλλόκοτες περιπέτειες στην προσπάθειά της να γνωρίσει τον κόσμο των μεγάλων... | |
| 546 | |a Στα γαλλικά με ελληνικούς υπότιτλους. | ||
| 650 | 0 | |a Girls |z France |z Paris |v Drama. | |
| 655 | 7 | |a Feature films |2 lcgft | |
| 700 | 1 | |a Malle, Louis, |d 1932-1995, |e drt | |
| 700 | 1 | |a Caprioli, Vittorio, |e act | |
| 700 | 1 | |a Clech, Yvonne, |d 1920-2010, |e act | |
| 700 | 1 | |a Deschamps, Hubert, |e act | |
| 700 | 1 | |a Dufilho, Jacques, |e act | |
| 700 | 1 | |a Noiret, Philippe, |e act | |
| 700 | 1 | |a Demongeot, Catherine, |e act | |
| 830 | 0 | |a Louis Malle collection | |
| 852 | |a INST |b SYROS |c AV |e 20081014 |h 791.437 MAL |p 005500009046 |q 005500009046 |t DVD |y 23 | ||
| 901 | |a BIBL5-2008-1 | ||
| 922 | |a 5ΕΛΗ |b 200709 |c Βιβλιοθήκη Σύρου |d Anaco | ||
| 970 | |a Κοντού |b Παρασκευή |z 14/10/2008 | ||